000 00233nam a2200097Ia 4500
005 20251222114400.0
008 251222s1900||||xx |||||||||||||| ||spa||
082 _aDVD0195/U61S/2005
245 0 _aLa Sábana Santa de Turín:
942 _cDVD
999 _c1593
_d1593